Statistics for Eurovision Song Lyrics - Estonia

Click here to take the quiz!

General Stats

  • This quiz has been taken 11 times
  • The average score is 160 of 242

Answer Stats

Answer% Correct
a
100%
on
100%
back
91%
I
91%
is
91%
the
91%
To
91%
to
91%
bridges
82%
Building
82%
get
82%
myself
82%
No
82%
Now
82%
of
82%
Of
82%
There
82%
time
82%
track
82%
up
82%
world
82%
You
82%
all
73%
All
73%
always
73%
see
73%
that
73%
That
73%
know
64%
again
55%
and
55%
And
55%
begin
55%
every
55%
find
55%
for
55%
it
55%
me
55%
more
55%
need
55%
Slowly
55%
step
55%
walls
55%
way
55%
will
55%
belong
45%
Bring
45%
down
45%
forgive
45%
go
45%
I'm
45%
lies
45%
one
45%
place
45%
play
45%
pretend
45%
road
45%
Tearing
45%
thing
45%
told
45%
what
45%
where
45%
Where
45%
feel
36%
ground
36%
have
36%
heading
36%
home
36%
I've
36%
lights
36%
Or
36%
Realized
36%
said
36%
should
36%
solid
36%
waste
36%
behind,
27%
blurry
27%
can
27%
city
27%
died
27%
dreams
27%
enough
27%
Filled
27%
ignored
27%
knew
27%
leading
27%
leave
27%
lines
27%
memories
27%
remember
27%
Showing
27%
strong
27%
things
27%
with
27%
a-ah
18%
inside
18%
lays
18%
through
18%
went
18%
bеfore
0%
0%

Score Distribution

Percentile by Number Answered

Percent of People with Each Score

Your Score History

You have not taken this quiz